| 000 | 00394nam a2200133Ia 4500 | ||
|---|---|---|---|
| 008 | 180705s9999 xx 000 0 und d | ||
| 020 | _a9812530908 | ||
| 100 | _aGetzen, Thomas E. | ||
| 245 |
_cThomas E. Getzen _aHealth economics: _bfundamentals and flow of funds / |
||
| 250 | _a2nd ed | ||
| 260 |
_aCanada: _bJohn Wiley&Sons: _c2004 |
||
| 300 | _avii, 438 pages | ||
| 650 | _aMedical economics. | ||
| 999 |
_c358147 _d358147 |
||